Statistics for Hidden Name a Valid Country #3

Click here to take the quiz!

General Stats

  • This quiz has been taken 318 times
  • The average score is 16 of 20

Answer Stats

Name a country ...Answer% Correct
with over 50 thousand kilometers of coastlineCanada | Russia | United States | +1
99%
with more than 1 billion peopleChina | India
99%
bordering HondurasEl Salvador | Guatemala | Nicaragua
99%
beginning with 'Mo'Moldova | Monaco | Mongolia | +3
98%
starting with 'F'F. S. Micronesia | Fiji | Finland | +1
97%
with more than 10 stripes on its flag
Malaysia | United States | Liberia
96%
that only have 1 cityMonaco | Singapore | Vatican City
96%
that has 20 or more lettersSaint Vincent and the Grenadines | D. R. Congo | F. S. Micronesia | +2
90%
that has/had more than 750 summer Olympic gold medalsUnited States | Soviet Union | Germany | +2
90%
with over 300 islands over 10 square kilometers largeCanada | United States
80%
that was a founding member of the EUBelgium | France | Italy | +3
79%
containing the Union Jack (the UK's flag)Australia | Fiji | New Zealand | +2
78%
in the Americas without an Atlantic coastlineBolivia | Ecuador | El Salvador | +2
77%
with all its territory on 1 islandBarbados | Brunei | Cyprus | +2
75%
with over 100 barrels of crude oil production per capitaKuwait | Qatar | United Arab Emirates | +1
74%
with a northernmost point south of 15° SUruguay | Lesotho | Eswatini | +9
67%
that is not a JetPunk country but is partially recognized by UN countriesAbkhazia | Northern Cyprus | Palestine | +2
62%
that, if removed, would split Afro-Eurasia into three partsFrance | Italy | Russia | +1
53%
with a language starting with 'V' as an official languageSouth Africa | Vietnam
48%
with a capital starting with 'F'Sierra Leone | Tuvalu
30%

Score Distribution

Percentile by Number Answered

Percent of People with Each Score

Your Score History

You have not taken this quiz